| 000 | 00647nam a2200205Ia 4500 | ||
|---|---|---|---|
| 005 | 20250326144243.0 | ||
| 008 | 250326s9999 xx 000 0 und d | ||
| 020 | _a0-415-38058-8 | ||
| 037 | _aTextbook | ||
| 040 |
_aFMSL _beng _cFMSL |
||
| 041 |
_aeng _2eng |
||
| 084 |
_aX:74obD658(2:55) P6 _qFMSL |
||
| 100 |
_aBernasconi M _9749324 |
||
| 245 | 0 |
_aHigh-tech entrepreneurship : managing innovation, variety and uncertainty _cBernasconi M And Others |
|
| 260 |
_aLondon _bLondon, Routledge _c2006 |
||
| 300 | _axiv,294 | ||
| 365 | _b5965.6000000000004 | ||
| 942 |
_cTB _hX:74obD658(2:55) P6 |
||
| 999 |
_c1303001 _d1303001 |
||